000 00708nam a2200193Ia 4500
003 GCL
008 140319s9999 xx 000 0 ara d
040 _aGCL /
_cGCL
082 0 4 _a001.6424
_bم ا
100 1 _aمحمد جمال احمد قبيعة
245 1 0 _aاصول استخدام البرنامج ورد 5 Ms Word 5 /
_cمحمد جمال احمد قبيعة
260 _a[S.N] :
_bدار الراتب الجامعية ،
_c1993
300 _a260 ص
490 _aالمبرمج العربى المتطور
_v0
650 0 4 _aالحاسبات الالكترونية
650 0 4 _aبرنامج وورد فايف
650 0 4 _aبرامج الحاسبات الالكترونية
942 _2ddc
_cBK
999 _c45853
_d45853